000 00880nam a2200241Ia 4500
003 OSt
005 20220930190153.0
006 a|||||r|||| 00| 0
007 ta
008 220926b |||||||| |||| 00| 0 pan d
020 _a8171433405 (hbk)
_c225
024 _a1206
037 _b209, 31/12/2008, H.K. Prakashan
_cTextbook
040 _aCRL
_cCRL
_bpan
041 _2pan
_apan
082 _aO153,1(Delta73):g, P3
100 _aਊਧਮ ਸਿੰਘ Fਾਹੀ
_9558611
245 0 _aਪੰਜਾਬੀ ਸੂਖ਼ੀ ਕਾਵਿ
_b ਰੂਪ ਵਿਗਿਆਨਕ ਅਧਿਐਨ
260 _aਅੰਮ੍ਰਿਤਸਰ,
_bਰਵੀ ਸਾਹਿਤ, ਭਾਰਤ
_c2003
300 _a232ਪੰ
_ccm.
942 _hO153,1(Delta73):g, P3
_cTB
_2CC
999 _c891706
_d891706